zpět

Detail výsledku týmu

Auto Da Fé ST, Kladno

Datum a čas kvízu

28 Celkem bodů Celkový počet nahraných bodů na tomto kvízu bez doplňovacích otázek.
14. Pořadí na kvízu Konečné umístění týmu na tomto kvízu.

Zaznamenané odpovědi

# Otázka Odpověď Body Výsledky
1. Tělo nosorožce Súdána, který b... v Keni 0
2. Většina evropských zemí přešla... o Libanonu 0
3. Minulý týden bylo oznámeno, že... Bohumil Hrabal 1
4. Minulý týden došlo v české ene... Westinghouse 0
5. Která česká tenistka získala n... Petra Kvitová 1
6. V tomto tématu bude vaším úkol... Tři veteráni 1
7. Vyberte jméno, které patří do... A 1
8. Seřaďte následující hlášky pod... 1B 2A 3D 4C 0
9. Věta „Děda je hodný, ale překá... Na samotě u lesa, Komárek 1
10. Dvěma slovy dokončete hlášku z... horší cesta 1